000 00656nam a2200229 a 4500
001 000017385
003 DO-SdBNP
005 20220601085125.0
007 ta
008 100324s2015 dr 001 0 spa d
040 _aDO-SdBNP
_bspa
_cBNPHU
082 _axxxx
_bC569
100 1 _913341
245 1 0 _a137 refranes y sus significados /
_b
_cSelección y notas Juan Báez Melo
246 1 3 _aCientos treinta siete refranes y sus significados
260 _aSanto Domingo :
_bLibrería la Trinitaria,
_c2015
300 _a32 p. ;
_c22 cm.
590 _aInventariado, 2022 / DG
700 _aBáez Melo, Juan
_981744
910 _aDG
942 _2ddc
_cLF2
999 _c51863
_d51863